All JEON SOMI Songs (until Closer) - Statistics

General Stats
  • This quiz has been taken 10 times
  • The average score is 11 of 22
Answer Stats
Answer % Correct
Dumb Dumb
100%
Birthday
89%
Fast Forward
89%
XOXO
89%
CLOSER
78%
Ice Cream
78%
Gold Gold Gold
67%
Watermelon
67%
What You Waiting For?
67%
Anymore
56%
EXTRA
56%
The Way
56%
Chaotic & Confused
33%
Escapade
33%
Fxxked Up
33%
Outta My Head
33%
DELU
22%
Pisces
22%
Don’t Let Me Go (feat. GIRIBOY)
11%
Ex-Mas (with BIG Naughty)
11%
Keep It Sexy (MOMMAE 2) (Feat. JEON SOMI)
0%
You, Who? (with Eric Nam)
0%
No matching quizzes found
Score Distribution
Percent of People with Each Score
Percentile by Number Answered
Your Score History
You have not taken this quiz